Is it landlocked? - Statistics

General Stats
  • This quiz has been taken 26 times
    25 since last reset
  • The average score is 8 of 10
Answer Stats
Question Answer % Correct
Bosnia and Herzegovina Coastal
95%
Brasilia Landlocked
91%
Tibet Landlocked
86%
Kashmir Landlocked
82%
D.R. Congo Coastal
77%
Afghanistan Landlocked
77%
Alberta Landlocked
73%
Iraq Coastal
68%
Mogadishu Coastal
59%
Abkhazia Coastal
55%
No matching quizzes found
Score Distribution
Percent of People with Each Score
Percentile by Number Answered
Your Score History
You have not taken this quiz since the last reset